000 00299nam a22001337a 4500
008 181102b xxu||||| |||| 00| 0 eng d
020 _a0878571760
041 _aeng
080 _a612.39
100 _a10
101 _aNUT
245 _aThe Complete Book of Vitamins
_cGerras,Ch
942 _2udc
_cBK
999 _c51695
_d51695